000 00472nam a2200157Ia 4500
008 241217s9999||||xx |||||||||||||| ||und||
020 _a9780135701027
_c89
040 _beng
_cSSK Library
_erda
082 _a658.15 GRU
100 _a Tony Grundy, Gerry Johnson & Kevan Scholes -
245 0 _aExploring Strategic Financial Management
260 _b Prentice Hall Europe
_c©1998
942 _2Dewey Decimal Classification
_cBOOK
_nNo
999 _c22438
_d22438
003 OSt
005 20241217112838.0